00462nam a2200157Ia 4500008004100000041000800041082001300049100002000062245004200082260003500124300000800159365001600167700005000183906005200233999001900285230714s9999 xx 000 0 und d aeng a658bSHE aShejwalkar P.C. aPrinciples and Practice of Management c2009bEverest Publishing House a130 cRs.b235.00 aShejwalkar P.C., Ghanekar A. & Bhivpathaki D. dO:0022231-Aug-2009B:219706-Jul-2009cSSb119.85 c197780d197780